|
|
|
|
| LEADER |
00000naa0a2200000 4500 |
| 001 |
602022 |
| 005 |
20250905160258.0 |
| 035 |
|
|
|a (RuTPU)RU\TPU\tpu\27413
|
| 090 |
|
|
|a 602022
|
| 100 |
|
|
|a 20150430d2011 k y0rusy50 ca
|
| 101 |
0 |
|
|a rus
|
| 102 |
|
|
|a RU
|
| 200 |
1 |
|
|a Система антирелигиозных мобилизаций: формирование и функционирование в 1920-1930-е гг.
|f Л. И. Сосковец
|
| 333 |
|
|
|a В фонде НТБ ТПУ отсутствует
|
| 461 |
|
1 |
|t Социальная мобилизация в сталинском обществе: институты, механизмы, практики
|o сборник научных трудов
|f Новосибирский государственный университет (НГУ) ; Динамика и опыт российских социокультурных трансформаций, научно-образовательный центр ; ред. С. А. Красильников
|d 2011
|
| 463 |
|
1 |
|t Вып. 1
|v C. 37-58
|d 2011
|
| 610 |
1 |
|
|a труды учёных ТПУ
|
| 700 |
|
1 |
|a Сосковец
|b Л. И.
|c историк, политолог
|c профессор Томского политехнического университета, доктор исторических наук
|f 1956-
|g Любовь Ивановна
|3 (RuTPU)RU\TPU\pers\25443
|9 11385
|
| 801 |
|
1 |
|a RU
|b 63413507
|c 20150430
|
| 801 |
|
2 |
|a RU
|b 63413507
|c 20150430
|g RCR
|
| 942 |
|
|
|c BK
|